000 00753nam a2200241 a 4500
001 000023432
005 20260212141610.0
008 101207s1976 sp r 000 0 spa d
020 _a8425206197
040 _aDO-SdBNP
_bspa
_cBNPHU
082 _a702.9
_bP766p
100 1 _aPoli, Francesco,
_d1940-
_948285
240 1 0 _aProduzione artistica e mercado.
_lEspañol.
245 1 0 _aProducción artística y mercado /
_cFrancesco Poli.
260 _aBarcelona, (España) :
_bGustavo Gili,
_c1976.
300 _a141, [1] p. ;
_c20 cm.
490 1 _aPunto y línea
534 _aTítulo original:
_tProduzione artistica e mercado.
650 0 _aArtes
_9650
650 4 _aMercadeo de pinturas
_948286
830 0 _aPunto y línea
_948287
049 _aBNGR
999 _c22929
_d22929